| 000 | 00000nam##2200000za#4500 |
| 001 | 9.590561 |
| 003 | CaOODSP |
| 005 | 20210624200202 |
| 007 | cr ||||||||||| |
| 008 | 150406|1996||||xxc|||||o f|0| 0 eng|d |
| 040 | |aCaOODSP|beng |
| 041 | |aeng |
| 041 | |afre |
| 043 | |an-cn--- |
| 086 | 1 |aS52-2/228-1996-PDF |
| 110 | 1 |aCanada. |bPublic Works and Government Services Canada. |bTranslation Bureau. |
| 245 | 10|aVocabulary of geology. Gitology-metallogeny / |h[electronic resource]|c[by] Mariette Grandchamp-Tupula. |
| 260 | |aOttawa - Ontario : |bPublic Works and Government Services Canada. |cc1996. |
| 300 | |a493p. |
| 490 | 1 |aTerminology bulletin|vNo. 228 |
| 500 | |aDigitized edition from print. [Produced by Publishing and Depository Services, 2014.] Issued by Translation Services, Terminology and Linguistic Services Directorate. |
| 504 | |aBibliography. |
| 590 | |a14-22-Supp|b2014-12-24 |
| 720 | 1 |aGrandchamp-Tupula, Mariette |
| 776 | 0#|tVocabulaire de géologie. Gîtologie-métallogénie / |w(CaOODSP)9.523887 |
| 792 | |tVocabulaire de géologie. Gîtologie-métallogénie / |efre|w(CaOODSP)9.590562 |
| 830 | #0|aTerminology bulletin ;|vNo. 228|w(CaOODSP)9.500139 |
| 856 | 40|ahttp://publications.gc.ca|qPDF|s4082 KB|uhttps://publications.gc.ca/collections/collection_2014/tpsgc-pwgsc/S52-2-228-1996.pdf|yNo. 228 |